000 02462cam a2200577 i 4500
001 xx005004015
003 NUKAT
005 20260429144428.0
008 201123s2020 pl a |001 0dpol c
020 _a9788380983175
_q(oprawa twarda) :
_czł 35,00
035 _a(OCoLC)1225238165
035 _a(NUKAT)xx005004015
040 _aKAT U/DL
_bpol
_erda
_cKAT U/DLs
_dKAT U/DL
_dWR U/mss
_dWR O/GW
_dOLSZT 008/bak
041 1 _apol
_hhun
045 2 _bd1948
_bd1956
046 _k1982
100 1 _aPongrátz, Gergely
_d(1932-2005).
_eAutor
_940911
240 1 0 _aCorvin köz, 1956
_l(pol.)
245 1 0 _aZaułek Corvina 1956 /
_cGergely Pongrátz ; przekład Adam Snopek ; Instytut Pamięci Narodowej. Komisja Ścigania Zbrodni przeciwko Narodowi Polskiemu.
260 _aWarszawa :
_bInstytut Pamięci Narodowej. Komisja Ścigania Zbrodni przeciwko Narodowi Polskiemu,
_c2020.
300 _a189, [3] strony, [64] stron tablic ;
_c25 cm.
336 _aTekst
_btxt
_2rdacontent
337 _aBez urządzenia pośredniczącego
_bn
_2rdamedia
338 _aWolumin
_bnc
_2rdacarrier
380 _aKsiążki
380 _aLiteratura faktu, eseje, publicystyka
380 _aPublikacje naukowe
386 _mPrzynależność kulturowa
_aLiteratura węgierska
388 1 _a1901-2000
388 1 _a1945-1989
504 _aBibliografia na stronie 185. Indeks.
536 _aKsiążka została wydana przy wsparciu finansowym Nemzeti Kulturális Alap (Narodowy Fundusz Kultury) w Budapeszcie
600 1 7 _aPongrátz, Gergely
_d(1932-2005)
_2DBN
_940915
648 7 _a1901-2000
_2DBN
_934996
648 7 _a1945-1989
_2DBN
_936043
650 7 _aDowódcy
_2DBN
_939509
650 7 _aPasaż Corvina (Budapeszt)
_2DBN
_940916
650 7 _aPowstańcy węgierscy (1956)
_2DBN
_940917
650 7 _aPowstanie węgierskie (1956)
_2DBN
_940918
651 7 _aBudapeszt (Węgry)
_2DBN
_940919
651 7 _aWęgry
_y1956 (Rewolucja).
_2kaba
_916521
651 7 _aBudapeszt (Węgry)
_y1956 (Powstanie).
_2kaba
_930108
655 7 _aPamiętniki i wspomnienia
_2DBN
_935005
655 7 _aWydawnictwo źródłowe
_2DBN
_935066
658 _aBezpieczeństwo i wojskowość
658 _aHistoria
700 1 _aSnopek, Adam.
_eTłumaczenie
_940914
710 2 _aInstytut Pamięci Narodowej - Komisja Ścigania Zbrodni przeciwko Narodowi Polskiemu.
_eInstytucja sprawcza
_eWydawca
_4pbl
_911792
920 _a978-83-8098-317-5 (oprawa twarda) : zł 35,00
942 _2ddc
_cBK_NM
999 _c27874
_d27874